Normal view MARC view

Entry Nombre personal

Number of records used in: 6

001 - NÚMERO DE CONTROL

  • campo de control: 46542

003 - IDENTIFICADOR DE NÚMERO DE CONTROL

  • campo de control: SpMaBN

005 - FECHA Y HORA DE LA ÚLTIMA TRANSACCIÓN

  • campo de control: 20231103185641.0

008 - ELEMENTOS DE DATO DE LONGITUD-FIJA

  • campo de control de longitud fija: 930119nn aijnnaabn |a aaa

016 ## - NÚMERO DE CONTROL DE UNA AGENCIA BIBLIOGRÁFICA NACIONAL

  • Número de control del registro: BNE19930046369

024 7# - IDENTIFICADOR DE OTROS ESTÁNDARES

  • Número estándar o código: http://viaf.org/viaf/38001875/
  • Fuente: viaf

024 7# - IDENTIFICADOR DE OTROS ESTÁNDARES

  • Número estándar o código: https://isni.org/isni/000000012128571X
  • Fuente: isni

024 7# - IDENTIFICADOR DE OTROS ESTÁNDARES

  • Número estándar o código: http://www.wikidata.org/entity/Q9007798
  • Fuente: wikidata

040 ## - FUENTE DE CATALOGACIÓN

  • Centro catalogador/agencia de origen: SpMaBN
  • Lengua de catalogación: spa
  • Centro/agencia transcriptor: SpMaBN
  • Normas de descripción: rdc
  • Convención/Normas de encabezamiento de materia/tesauro: embne

046 ## - FECHAS CON CODIFICACIÓN ESPECIAL

  • Fecha de nacimiento: 1960

100 1# - ENCABEZAMIENTO-NOMBRE DE PERSONA

  • Nombre de persona: Echevarría, Ignacio,
  • Fechas asociadas al nombre: 1960-

370 ## - LUGAR ASOCIADO

  • Lugar de nacimiento: Barcelona, España
  • Fuente de información: (Wikidata)
  • Número de control del registro de autoridad o número normalizado: XX450579

374 ## - OCUPACIÓN

  • Ocupación: Críticos literarios
  • Ocupación: Escritores
  • Fuente de información: Wikidata

375 ## - GÉNERO/SEXO

  • Género: Masculino

377 ## - IDIOMA ASOCIADO

  • Término de lengua/lenguaje: Español

400 1# - TRAZADO DE VÉASE--NOMBRE DE PERSONA

  • Nombre de persona: Echevarría Pérez, Ignacio,
  • Fechas asociadas al nombre: 1960-

670 ## - FUENTE DE DATOS ENCONTRADOS

  • Cita de la fuente: El legado cultural de España al siglo XXI, 1992
  • Información encontrada: colofon (edición al cuidado de Ignacio Echevarría)

670 ## - FUENTE DE DATOS ENCONTRADOS

  • Cita de la fuente: Catherine-Paris, 1992
  • Información encontrada: port. (traducido del Francés por Ignacio Echevarría)

670 ## - FUENTE DE DATOS ENCONTRADOS

  • Cita de la fuente: Trayecto, 2005
  • Información encontrada: port. (Ignacio Echevarría) solapa (Barcelona, 1960; técnico editorial)

670 ## - FUENTE DE DATOS ENCONTRADOS

  • Cita de la fuente: Llamada telefónica a Muchnik, y a Círculo de Lectores, 28-4-1993
  • Información encontrada: (Ignacio Echevarría Pérez)